LIBRARY & INFORMATION CENTRE, KCAET, TAVANUR

ONLINE PUBLIC ACCESS CATALOGUE (OPAC)

Collective Behavior / (Record no. 3219)

MARC details
000 -LEADER
fixed length control field 00419cam a2200169ua 4500
041 ## - LANGUAGE CODE
Language code of text/sound track or separate title eng
082 ## - DEWEY DECIMAL CLASSIFICATION NUMBER
Classification number 302
Item number TUR/CO
100 ## - MAIN ENTRY--AUTHOR NAME
Personal name Tueaer, Ralph H .
245 ## - TITLE STATEMENT
Title Collective Behavior /
250 ## - EDITION STATEMENT
Edition statement 1 /
260 ## - PUBLICATION, DISTRIBUTION, ETC. (IMPRINT)
Place of publication :
Name of publisher Eaglewood N J Prentice Hall ,
Year of publication 1961.
300 ## - PHYSICAL DESCRIPTION
Number of Pages 547 ; .
700 1# - ADDED ENTRY--PERSONAL NAME
Personal name Killan, Lewis M .
942 ## - ADDED ENTRY ELEMENTS (KOHA)
Koha item type Books
Holdings
Withdrawn status Lost status Damaged status Home library Current library Date acquired Full call number Accession Number Koha item type
Withdrawn     KAUAET Malayalam University 07/04/2012 302 582 Books
free website counter